| 000 | 00653nam a2200217 a 4500 | ||
|---|---|---|---|
| 005 | 20140310183512.0 | ||
| 008 | 101011s19uu xx 00 eng d | ||
| 020 | _a9780137052752 | ||
| 050 |
_aQA 76.76.H94 _b.M834 2011 |
||
| 100 | _aMorris, Terry F. | ||
| 245 |
_aWeb development and design foundations with XTHML./ _cTerry F. Morris. |
||
| 250 | _a5th ed. | ||
| 260 |
_aBoston: _bAddison Wesley, _c2011. |
||
| 300 |
_a669 p. : _bill . ; _c28 cm. |
||
| 521 | _aIT | ||
| 650 | _aXTHML ( document markup language) | ||
| 650 | _aWeb site development-Computer programs. | ||
| 650 | _aWeb site -design. | ||
| 942 |
_cBK _2lcc _kFOR |
||
| 999 |
_c24204 _d24204 |
||